000 00472nam a2200121Ia 4500
008 220620s9999||||xx |||||||||||||| ||und||
100 _aAmbrosio, Antonio||Aramo, C.
245 0 _aChapter Carbon Nanotubes-Based Radiation Detectors
546 _aEnglish[eng]
650 _aTechnology, engineering, agriculture
856 _uhttps://library.oapen.org/bitstream/20.500.12657/48966/1/17302.pdf||https://library.oapen.org/bitstream/20.500.12657/48966/1/17302.pdf
942 _cEB
999 _c26987
_d26987